LIBRARY ONLINE CATALOGUE

Strategic brand management for B2B markets : (Record no. 4403)

MARC details
000 -LEADER
fixed length control field 00711nam a22002172 4500
001 - CONTROL NUMBER
control field 0000023651
005 - DATE AND TIME OF LATEST TRANSACTION
control field 20151217145942.0
008 - FIXED-LENGTH DATA ELEMENTS--GENERAL INFORMATION
fixed length control field 130313s xx 000 0 eng d
020 ## - INTERNATIONAL STANDARD BOOK NUMBER
International Standard Book Number 8132105220 :
040 ## - CATALOGING SOURCE
Original cataloging agency KABU
Transcribing agency KABU
100 1# - MAIN ENTRY--PERSONAL NAME
Personal name Sarin, Sharad.
-- 0000183245
245 10 - TITLE STATEMENT
Title Strategic brand management for B2B markets :
Remainder of title a road map for organizational transformation /
Statement of responsibility, etc. Sharad Sarin.
250 ## - EDITION STATEMENT
Edition statement 1st ed.
260 ## - PUBLICATION, DISTRIBUTION, ETC. (IMPRINT)
Place of publication, distribution, etc. Los Angeles :
Name of publisher, distributor, etc. Response,
Date of publication, distribution, etc. 2010.
300 ## - PHYSICAL DESCRIPTION
Extent xix, 262 p.
650 #0 - SUBJECT ADDED ENTRY--TOPICAL TERM
Topical term or geographic name as entry element Branding (Marketing)
-- 0000181751
650 #0 - SUBJECT ADDED ENTRY--TOPICAL TERM
Topical term or geographic name as entry element Brand name products
General subdivision Management.
-- 0000167906
852 1# - LOCATION
-- p3118.40 KES
908 ## - PUT COMMAND PARAMETER (RLIN)
Put command parameter 130313
950 ## - LOCAL HOLDINGS (RLIN)
-- 1
Holdings
Withdrawn status Lost status Source of classification or shelving scheme Not for loan Home library Current library Date acquired Total Checkouts Full call number Barcode Date last seen Price effective from Koha item type
    Library of Congress Classification   Kabarak, Main Campus Kabarak, Main Campus 17/12/2015   HF5415.1255 .S27 2010 c.1 014549 17/12/2015 17/12/2015 General Collection